[Event "London Classic Open 2016"]
[Site "London ENG"]
[Date "2016.12.11"]
[Round "4.35"]
[White "Siva, Mahadevan"]
[Black "Britton, Richard L"]
[Result "1-0"]
[WhiteTitle "IM"]
[BlackTitle "FM"]
[WhiteElo "2360"]
[BlackElo "2139"]
[WhiteFideId "25043153"]
[BlackFideId "401692"]
[EventDate "2016.12.09"]

1. e4 c5 2. Nf3 d6 3. d4 cxd4 4. Nxd4 Nf6 5. Nc3 a6 6. Be3 e5 7. Nb3 Be6 8. f3
Nbd7 9. Qd2 b5 10. O-O-O Rc8 11. g4 Nb6 12. Qf2 Nfd7 13. Kb1 Qc7 14. Nd5 Bxd5
15. exd5 Nc4 16. Bc1 Ndb6 17. Bd3 a5 18. Rhe1 Be7 19. f4 O-O 20. g5 a4 21. Nd2
g6 22. Ne4 Nxd5 23. f5 Nf4 24. f6 Bd8 25. Bxc4 bxc4 26. Nxd6 Nd3 27. Rxd3 cxd3
28. Nxc8 Qxc8 29. cxd3 Qa6 30. Qc2 Qd6 31. Qxa4 Qxd3+ 32. Qc2 Qxc2+ 33. Kxc2 Bc7
34. Re4 Rd8 35. b4 h6 36. h4 Bd6 37. Bb2 Rb8 38. Kb3 1-0

[Event "London Classic Open 2016"]
[Site "London ENG"]
[Date "2016.12.11"]
[Round "4.36"]
[White "Thuesen, Mogens"]
[Black "Warakomska, Anna"]
[Result "0-1"]
[BlackTitle "WIM"]
[WhiteElo "2212"]
[BlackElo "2348"]
[WhiteFideId "1400878"]
[BlackFideId "1130790"]
[EventDate "2016.12.09"]

1. d4 d5 2. c4 c6 3. Nf3 Nf6 4. Nc3 dxc4 5. a4 Bf5 6. Ne5 Nbd7 7. Nxc4 Nb6 8.
Ne5 a5 9. g3 e6 10. Bg2 Bb4 11. O-O O-O 12. e3 Qe7 13. Qe2 h6 14. e4 Bh7 15. f3
c5 16. Be3 Nfd7 17. Nd3 cxd4 18. Bxd4 Nc5 19. Nxb4 axb4 20. a5 Nbd7 21. Nb5 Nb3
22. Rad1 Nxd4 23. Rxd4 Rxa5 24. Rfd1 Qc5 25. Kh1 Ne5 26. Bf1 f5 27. Nd6 fxe4 28.
Nxb7 exf3 29. Qd2 Qxd4 30. Qxd4 Rd5 31. Nc5 Rxd4 32. Rxd4 Rc8 33. Ne4 Ng4 34.
Bc4 Rxc4 35. Rxc4 Bxe4 0-1

[Event "London Classic Open 2016"]
[Site "London ENG"]
[Date "2016.12.11"]
[Round "4.37"]
[White "Bates, Richard A"]
[Black "Sun, Xinyue"]
[Result "1-0"]
[WhiteTitle "IM"]
[WhiteElo "2347"]
[BlackElo "2082"]
[WhiteFideId "403555"]
[BlackFideId "8600813"]
[EventDate "2016.12.09"]

1. d4 Nf6 2. Nf3 e6 3. e3 c5 4. Bd3 d5 5. b3 b6 6. O-O Be7 7. Nbd2 O-O 8. Bb2
Nc6 9. a3 Bb7 10. Qe2 Rc8 11. Rfd1 cxd4 12. exd4 a5 13. Re1 Qc7 14. Rac1 Nh5 15.
g3 Bf6 16. Ne5 g6 17. c4 dxc4 18. Rxc4 Qe7 19. Rec1 Na7 20. Ne4 Bg7 21. h4 Bd5
22. Rxc8 Rxc8 23. Rxc8+ Nxc8 24. Qc2 Nd6 25. Nxd6 Qxd6 26. Qc8+ Qf8 27. Qc7 Bxe5
28. Qxe5 Qd8 29. Bc1 f6 30. Qe3 Ng7 31. g4 f5 32. g5 Bxb3 33. d5 Bxd5 34. Bb2
Kf7 35. Qe5 Nh5 36. Be2 Ke7 37. a4 Qd6 38. Qh8 Qf4 39. Qxh7+ Kd6 40. Ba3+ Ke5
41. Qc7+ Ke4 42. Qc2+ Ke5 43. Qc3+ Qd4 44. Bd6+ 1-0

[Event "London Classic Open 2016"]
[Site "London ENG"]
[Date "2016.12.11"]
[Round "4.38"]
[White "Gurevich, Artjom"]
[Black "Zujev, Oleg"]
[Result "0-1"]
[WhiteElo "2207"]
[BlackElo "2340"]
[WhiteFideId "2603870"]
[BlackFideId "12801585"]
[EventDate "2016.12.09"]

1. d4 Nf6 2. c4 g6 3. Nc3 d5 4. Nf3 Bg7 5. Bg5 Ne4 6. cxd5 Nxg5 7. Nxg5 e6 8.
Qd2 exd5 9. Qe3+ Kf8 10. Qf4 Bf6 11. h4 h6 12. Nf3 Be6 13. e3 c6 14. Be2 Nd7 15.
O-O-O Qb8 16. Qxb8+ Rxb8 17. Ne1 g5 18. hxg5 hxg5 19. Rxh8+ Bxh8 20. Nd3 Bf6 21.
g3 g4 22. Rh1 Nb6 23. Rh5 Kg7 24. Nc5 Bc8 25. Nd3 Nc4 26. b3 Nb6 27. Ne5 Bxe5
28. Rxe5 Kf6 29. e4 Be6 30. exd5 cxd5 31. Rh5 Rg8 32. Bd3 Rg5 33. Rh6+ Ke7 34.
Kd2 Nc8 35. Ke3 Nd6 36. Ne2 Bf5 37. Nf4 Be4 38. Bxe4 dxe4 39. Rh5 Rxh5 40. Nxh5
Nb5 41. Kxe4 Nc3+ 42. Kd3 Nxa2 43. Kc4 a5 44. Nf4 Nb4 45. Kb5 Kd6 46. Kxa5 Nc6+
47. Kb5 Nxd4+ 48. Kc4 Nc6 49. Kb5 Ke5 50. Kb6 Ke4 51. Kxb7 Na5+ 52. Kc7 Nxb3 53.
Kd6 Kf3 54. Ke7 Kxf2 55. Kxf7 Kxg3 56. Nh5+ Kf3 57. Kg6 Nd4 58. Kg5 Ne2 59. Kh4
Nf4 60. Nf6 Ng6+ 61. Kg5 g3 62. Ng4 g2 0-1

[Event "London Classic Open 2016"]
[Site "London ENG"]
[Date "2016.12.11"]
[Round "4.40"]
[White "Lyell, Mark"]
[Black "Moen, Andreas"]
[Result "0-1"]
[WhiteTitle "FM"]
[BlackTitle "IM"]
[WhiteElo "2203"]
[BlackElo "2327"]
[WhiteFideId "402354"]
[BlackFideId "1501453"]
[EventDate "2016.12.09"]

1. e4 e5 2. Nf3 Nf6 3. Nxe5 d6 4. Nf3 Nxe4 5. Nc3 Nxc3 6. dxc3 Be7 7. Be3 Nc6 8.
Qd2 O-O 9. O-O-O Re8 10. Bd3 Ne5 11. Nxe5 dxe5 12. Qe2 Bd6 13. Qh5 g6 14. Qe2
Qh4 15. f3 Bf8 16. g3 Qh3 17. Qd2 Be6 18. c4 Rad8 19. Qa5 b6 20. Qa6 c5 21. Kb1
Rd7 22. Rd2 Red8 23. Bg5 Re8 24. Re1 Qh5 25. Rxe5 Qxf3 26. Rde2 h6 27. Bc1 Rxd3
28. cxd3 Qxd3+ 29. Rc2 Bf5 30. Rxf5 Qxf5 31. g4 Qd3 32. Qa3 Qxa3 33. bxa3 Bg7
34. Rd2 Bd4 35. Bb2 Re4 36. Bxd4 Rxd4 37. Rxd4 cxd4 38. Kc2 f5 39. gxf5 gxf5 40.
Kd3 Kf7 41. Kxd4 Ke6 42. a4 a5 43. Kd3 Ke5 44. Ke3 f4+ 45. Kf3 Kf5 46. Kf2 Ke4
47. Ke2 f3+ 48. Kf2 Kf4 49. Kf1 Ke3 50. Ke1 f2+ 51. Kf1 Kf3 52. h4 h5 0-1

[Event "London Classic Open 2016"]
[Site "London ENG"]
[Date "2016.12.11"]
[Round "4.41"]
[White "Garcia Martinez, Marcos"]
[Black "Paterek, Michal"]
[Result "0-1"]
[BlackTitle "FM"]
[WhiteElo "2160"]
[BlackElo "2311"]
[WhiteFideId "22245073"]
[BlackFideId "1116142"]
[EventDate "2016.12.09"]

1. d4 d5 2. Nf3 Nf6 3. g3 Bf5 4. c4 e6 5. Bg2 Nc6 6. O-O Nb4 7. Na3 Be4 8. Bf4
c6 9. c5 b6 10. Qc1 bxc5 11. dxc5 Be7 12. Nd4 Bxg2 13. Kxg2 Rc8 14. Rd1 O-O 15.
Nb3 Nd7 16. Bd2 Na6 17. Na5 Bxc5 18. Nb7 Qe7 19. Nxc5 Ndxc5 20. Nc2 Ne4 21. Be3
c5 22. f3 Nd6 23. Bf2 f5 24. Qe3 Nc4 25. Qc3 Nb6 26. Qa5 Qb7 27. b3 Nd7 28. Ne3
Nb4 29. Kg1 f4 30. gxf4 Rxf4 31. a3 Nc6 32. Qd2 Rd4 33. Qc2 Rb8 34. Bg3 Qxb3 35.
Bxb8 Qxe3+ 36. Kf1 Ncxb8 37. Rxd4 Qxd4 38. Rd1 Qf4 39. Kg2 Nc6 40. Rb1 Nd4 41.
Qa4 Qc7 42. Qa6 Nc6 43. Rb7 Qc8 44. Qb5 h6 45. a4 c4 0-1

[Event "London Classic Open 2016"]
[Site "London ENG"]
[Date "2016.12.11"]
[Round "4.42"]
[White "Gomes, Mary Ann"]
[Black "Woong, Zhi Wei William"]
[Result "1/2-1/2"]
[WhiteTitle "WGM"]
[BlackTitle "CM"]
[WhiteElo "2302"]
[BlackElo "2000"]
[WhiteFideId "5013623"]
[BlackFideId "5804906"]
[EventDate "2016.12.09"]

1. Nf3 d5 2. c4 e6 3. g3 Nf6 4. Bg2 dxc4 5. Qa4+ Bd7 6. Qxc4 c5 7. Ne5 Qc8 8. d3
Nc6 9. Nxd7 Qxd7 10. Be3 Rc8 11. Nd2 Be7 12. Rc1 O-O 13. O-O Nd4 14. Bxd4 cxd4
15. Qb3 b6 16. Nf3 Rxc1 17. Rxc1 Bc5 18. Qc4 a5 19. a3 Qd6 20. Rb1 b5 21. Qxb5
Rb8 22. Qxa5 Bxa3 23. Nd2 Rxb2 24. Ra1 Bb4 25. Qb5 Ba3 26. Qa5 Bb4 27. Nc4 Bxa5
28. Nxd6 Bc7 29. Nc4 Rb8 30. Bc6 g6 31. Ra7 Rc8 32. Bb7 Rd8 33. Bf3 Bd6 34. g4
g5 35. Kg2 h6 36. h4 Kg7 37. Ra5 Nh7 38. hxg5 Nxg5 39. Nxd6 Rxd6 40. Ba8 Nh7 41.
f4 Nf6 42. Kf3 Rd8 43. Bc6 Rd6 44. Rc5 h5 45. gxh5 Nxh5 46. Rxh5 Rxc6 47. Ke4
Rd6 48. Ra5 Kf6 49. Ra4 Ke7 50. Rxd4 Ra6 51. Rb4 Ra5 52. Rb7+ Kf6 53. Rd7 Kg6
54. Kf3 f5 55. Ke3 Ra4 56. Kf3 Ra1 57. e4 fxe4+ 58. dxe4 Rf1+ 59. Kg3 Rg1+ 60.
Kf2 Ra1 61. Rd6 Kf7 62. Kf3 Rf1+ 63. Ke3 Ra1 64. Rc6 Rd1 65. Rc7+ Kg6 66. Rc6
Kf7 67. e5 Ra1 68. Rc7+ Ke8 69. Rb7 Ra3+ 70. Ke4 Ra1 71. Rb3 Kf7 72. Rb7+ Ke8
73. Kd4 Ra4+ 74. Kc5 Rxf4 75. Kd6 Ra4 76. Re7+ Kf8 77. Rc7 Ke8 78. Kxe6 Ra6+ 79.
Kd5 Rh6 1/2-1/2

[Event "London Classic Open 2016"]
[Site "London ENG"]
[Date "2016.12.11"]
[Round "4.43"]
[White "Zoltek, Tadeusz"]
[Black "Mirzoyan, David"]
[Result "0-1"]
[WhiteTitle "FM"]
[BlackTitle "FM"]
[WhiteElo "2140"]
[BlackElo "2299"]
[WhiteFideId "1101048"]
[BlackFideId "13308386"]
[EventDate "2016.12.09"]

1. Nf3 Nf6 2. c4 b6 3. g3 c5 4. Bg2 Bb7 5. O-O e6 6. Nc3 Be7 7. b3 O-O 8. Bb2 a6
9. d4 cxd4 10. Qxd4 d6 11. Rad1 Qc7 12. e4 Nbd7 13. Ba3 Nc5 14. e5 dxe5 15. Qxe5
Qc8 16. Qe3 Qc7 17. Qe5 Qc8 18. Qe3 b5 19. b4 Ncd7 20. c5 a5 21. Nxb5 Nd5 22.
Qd2 axb4 23. Bxb4 Nxb4 24. Qxd7 Bxc5 25. Ne5 Bxg2 26. Kxg2 Qb8 27. Nc6 Nxc6 28.
Qxc6 Rc8 29. Qd7 Rxa2 30. Nd6 Bxd6 31. Qxd6 Qxd6 32. Rxd6 g5 33. g4 Kg7 34. Rd3
h5 35. h3 Rc4 36. gxh5 Rf4 37. Rd8 e5 38. Rd3 e4 39. Rb3 Kh6 40. Kg3 Kxh5 41.
Rc3 Rd2 42. Re3 f6 43. Kg2 f5 44. Ra3 Re2 45. Rb3 Rd2 46. Re3 Rd3 47. Re2 Rff3 0-1

[Event "London Classic Open 2016"]
[Site "London ENG"]
[Date "2016.12.11"]
[Round "4.45"]
[White "Pein, Jonathan"]
[Black "O'Toole, George E"]
[Result "1/2-1/2"]
[WhiteElo "1971"]
[BlackElo "2262"]
[WhiteFideId "417092"]
[BlackFideId "412732"]
[EventDate "2016.12.09"]

1. e4 e5 2. Nf3 Nc6 3. Bb5 a6 4. Ba4 Nf6 5. O-O Be7 6. d3 b5 7. Bb3 d6 8. a4 Rb8
9. axb5 axb5 10. Nc3 Bg4 11. Be3 Nd4 12. Bxd4 exd4 13. Nd5 c5 14. h3 Nxd5 15.
Bxd5 Bd7 16. Ra7 O-O 17. Qa1 Bf6 18. Qa2 h5 19. Re1 Rb6 20. h4 Be8 21. g3 g6 22.
Kg2 Kg7 23. Ra1 Rb8 24. Qa6 b4 25. Rb7 Bd7 26. Qa7 Rxb7 27. Qxb7 Bc8 28. Qc6 Bd7
29. Qb7 Bc8 30. Qc6 Bd7 1/2-1/2

[Event "London Classic Open 2016"]
[Site "London ENG"]
[Date "2016.12.11"]
[Round "4.46"]
[White "Istratescu, Andrei"]
[Black "Hebbes, Tim"]
[Result "1-0"]
[WhiteTitle "GM"]
[WhiteElo "2596"]
[BlackElo "2113"]
[WhiteFideId "1200372"]
[BlackFideId "406570"]
[EventDate "2016.12.09"]

1. d4 Nf6 2. c4 e6 3. Nf3 d5 4. Nc3 Be7 5. Bf4 O-O 6. e3 a6 7. c5 b5 8. b4 Bb7
9. a4 c6 10. Bd3 Nbd7 11. Qb1 Re8 12. h3 Nf8 13. a5 N6d7 14. O-O Bf6 15. Rd1 g6
16. e4 Bg7 17. Qc1 Ra7 18. Ra2 Qc8 19. Re2 Nf6 20. e5 N6d7 21. Rde1 Qa8 22. Nd1
Bc8 23. Ne3 f5 24. exf6 Nxf6 25. Ng4 Nxg4 26. hxg4 e5 27. Nxe5 Bxe5 28. Rxe5
Rxe5 29. Bxe5 Rf7 30. f3 Bd7 31. Qh6 Qd8 32. Kh2 Be6 33. Kg3 Bc8 34. Rh1 Rd7 35.
f4 Qe7 36. f5 Qf7 37. fxg6 Nxg6 38. Bxg6 1-0

[Event "London Classic Open 2016"]
[Site "London ENG"]
[Date "2016.12.11"]
[Round "4.47"]
[White "Grassie, Duncan"]
[Black "Batchelor, Peter J"]
[Result "0-1"]
[BlackTitle "FM"]
[WhiteElo "2100"]
[BlackElo "2365"]
[WhiteFideId "411787"]
[BlackFideId "424854"]
[EventDate "2016.12.09"]

1. d4 Nf6 2. Bg5 d5 3. Bxf6 gxf6 4. c4 dxc4 5. e3 Be6 6. Ne2 c6 7. Nf4 Bd5 8.
Nc3 f5 9. Qh5 e6 10. f3 Nd7 11. Ncxd5 exd5 12. Qxf5 Qf6 13. Qxf6 Nxf6 14. Kf2
O-O-O 15. g3 Kb8 16. Bh3 c5 17. b3 cxd4 18. exd4 Bh6 19. Ng2 Rhe8 20. Rhe1 Bd2
21. Re2 Rxe2+ 22. Kxe2 c3 23. Kd3 Re8 24. Rd1 h5 25. Rxd2 cxd2 26. Kxd2 Kc7 27.
Ne3 b5 28. b4 a5 29. g4 hxg4 30. Bxg4 axb4 31. Nc2 Nxg4 32. fxg4 Rh8 33. Nxb4
Rxh2+ 34. Ke3 Kd6 35. Kf4 Rd2 36. Kf5 Rxd4 37. a3 Rd2 38. Kf6 Rf2+ 39. Kg7 Rg2
40. Kxf7 Rxg4 41. Kf6 Rxb4 0-1

[Event "London Classic Open 2016"]
[Site "London ENG"]
[Date "2016.12.11"]
[Round "4.48"]
[White "Stefanetti, Marco"]
[Black "Franklin, Samuel G A"]
[Result "0-1"]
[BlackTitle "FM"]
[WhiteElo "2093"]
[BlackElo "2310"]
[WhiteFideId "815179"]
[BlackFideId "468576"]
[EventDate "2016.12.09"]

1. e4 e5 2. Nf3 Nc6 3. Bc4 Bc5 4. c3 Nf6 5. d3 a6 6. h3 d6 7. Bb3 h6 8. Nbd2 Be6
9. Bc2 d5 10. Qe2 Qd7 11. exd5 Nxd5 12. Nc4 f6 13. a4 O-O 14. Be3 Be7 15. Rd1 b5
16. Ncd2 f5 17. Nb3 bxa4 18. Nc5 Bxc5 19. Bxc5 Nf4 20. Nxe5 Qd5 21. Nxc6 Qxc6
22. Qe5 Ng6 23. Qg3 Qxc5 24. Qxg6 Bf7 25. Qg3 f4 26. Qh4 Bh5 27. Ra1 Rae8+ 28.
Kf1 Be2+ 29. Kg1 Qb6 30. Bxa4 g5 0-1

[Event "London Classic Open 2016"]
[Site "London ENG"]
[Date "2016.12.11"]
[Round "4.49"]
[White "Eizaguerri Floris, Maria"]
[Black "Sowray, Peter J"]
[Result "0-1"]
[WhiteTitle "WFM"]
[BlackTitle "FM"]
[WhiteElo "2082"]
[BlackElo "2307"]
[WhiteFideId "32065752"]
[BlackFideId "400971"]
[EventDate "2016.12.09"]

1. e4 g6 2. d4 d6 3. Nc3 Bg7 4. Bg5 a6 5. Qd2 b5 6. O-O-O Bb7 7. f3 Nd7 8. g4 c5
9. Be3 Rc8 10. h4 Qa5 11. Kb1 b4 12. Nce2 Ngf6 13. Ng3 cxd4 14. Bxd4 Ne5 15. g5
Nh5 16. Nxh5 gxh5 17. Be2 O-O 18. Nh3 d5 19. exd5 Bxd5 20. b3 Bxf3 21. Rhg1 Be4
22. Rc1 Rfd8 23. a4 Nc6 0-1

[Event "London Classic Open 2016"]
[Site "London ENG"]
[Date "2016.12.11"]
[Round "4.51"]
[White "Buchicchio, Giampaolo"]
[Black "Mueller, Martin2"]
[Result "1-0"]
[WhiteTitle "FM"]
[WhiteElo "2262"]
[BlackElo "2088"]
[WhiteFideId "811491"]
[BlackFideId "4649974"]
[EventDate "2016.12.09"]

1. e4 c6 2. Nc3 d5 3. Nf3 Nf6 4. e5 Ne4 5. h3 e6 6. d3 Nxc3 7. bxc3 c5 8. Be2
Nc6 9. O-O Be7 10. d4 c4 11. a4 O-O 12. Nh2 f6 13. exf6 Bxf6 14. f4 Qa5 15. Bd2
Bd7 16. Bg4 Rae8 17. Nf3 g6 18. h4 Ne7 19. Qe1 Nf5 20. Bc1 Nxh4 21. Nxh4 Bxh4
22. Qxh4 Qxc3 23. Ra3 Qxd4+ 24. Kh1 c3 25. Qe1 Qe4 26. Qxe4 dxe4 27. Be3 a6 28.
a5 h5 29. Rd1 Bc6 30. Be2 e5 31. g3 exf4 32. gxf4 Rf5 33. Kh2 Kh7 34. Kg3 Rc8
35. Rd4 Bb5 36. Bd1 Bc6 37. Rxc3 Rxa5 38. Rxe4 Bxe4 39. Rxc8 Ra3 40. Rc7+ Kg8
41. c3 b5 42. Bc1 Ra1 43. Bb3+ Kf8 44. Be3 Bf5 45. Bf7 a5 46. Bc5+ Kg7 47. Bd5+ 1-0

[Event "London Classic Open 2016"]
[Site "London ENG"]
[Date "2016.12.11"]
[Round "4.52"]
[White "Korning, Peter"]
[Black "Ronka, Erik"]
[Result "0-1"]
[WhiteElo "2081"]
[BlackElo "2262"]
[WhiteFideId "1723332"]
[BlackFideId "505080"]
[EventDate "2016.12.09"]

1. e4 e5 2. Nf3 Nc6 3. Bb5 a6 4. Bxc6 dxc6 5. O-O Bg4 6. h3 h5 7. d3 Qf6 8. Be3
Bxf3 9. Qxf3 Qxf3 10. gxf3 Bd6 11. Nd2 Ne7 12. Rfb1 Ng6 13. Kf1 Rg8 14. Ke2 f6
15. Rg1 Nh4 16. Nc4 Kd7 17. Nxd6 cxd6 18. f4 exf4 19. Bxf4 g5 20. Bg3 Ng6 21. f3
Rg7 22. Rg2 Ke6 23. Rag1 Rag8 24. d4 d5 25. Kd3 f5 26. exd5+ cxd5 27. Re2+ Kd7
28. Be5 Re7 29. Reg2 Nxe5+ 30. dxe5 Reg7 31. f4 g4 32. h4 Ke6 33. Rg3 Rc7 34. c3
Rc4 35. Rf1 Rgc8 36. Rg2 b5 37. a3 d4 38. cxd4 Rd8 39. Rgf2 Rdxd4+ 40. Ke3 a5
41. b3 Re4+ 42. Kd3 Rcd4+ 43. Kc3 b4+ 44. axb4 axb4+ 45. Kc2 g3 46. Rg2 Re3 47.
Rfg1 Rc3+ 48. Kb2 Rdd3 49. Ra1 Rxb3+ 50. Kc1 Ra3 51. Rxa3 Rxa3 52. Rd2 Rf3 53.
Rd6+ Ke7 54. Rg6 Rxf4 55. Rxg3 Ke6 56. Rg8 Kxe5 57. Rb8 Rxh4 58. Rb5+ Kf6 59.
Rb6+ Kg5 60. Rb8 Rd4 61. Rg8+ Kh4 62. Kc2 f4 63. Rf8 Kg3 64. Rg8+ Kh3 65. Rf8 h4
66. Rf7 Kh2 67. Rf8 h3 68. Rf7 Kg2 69. Rg7+ Kh1 70. Rf7 h2 71. Rf8 f3 0-1

[Event "London Classic Open 2016"]
[Site "London ENG"]
[Date "2016.12.11"]
[Round "4.53"]
[White "Richardson, John R"]
[Black "Makepeace, Philip J"]
[Result "1-0"]
[WhiteTitle "FM"]
[WhiteElo "2248"]
[BlackElo "2077"]
[WhiteFideId "401617"]
[BlackFideId "413550"]
[EventDate "2016.12.09"]

1. e4 c6 2. d4 d5 3. Nc3 dxe4 4. Nxe4 h6 5. Nf3 Bf5 6. Ng3 Bh7 7. Bd3 Bxd3 8.
Qxd3 Nf6 9. Bd2 e6 10. O-O-O Nbd7 11. Ne4 Nxe4 12. Qxe4 Nf6 13. Qe2 Qc7 14. g3
Bd6 15. c4 b6 16. Kb1 Qe7 17. Rhe1 Bb4 18. Bxb4 Qxb4 19. d5 cxd5 20. cxd5 Rd8
21. dxe6 Rxd1+ 22. Rxd1 Qe4+ 23. Qxe4 Nxe4 24. exf7+ Kxf7 25. Ne5+ Ke6 26. Ng6
Re8 27. f3 Kf6 28. Nf4 Ng5 29. Nd5+ Kf7 30. f4 Nf3 31. h3 Re2 32. Nc3 Rg2 33.
Ne4 Re2 34. Nd6+ Kf6 35. Nc8 Rg2 36. g4 Nd2+ 37. Kc1 Nc4 38. Rd4 Ne3 39. Nxa7
Rc2+ 40. Kb1 Rh2 41. a4 Rxh3 42. Nc8 Nxg4 43. Nxb6 Rb3 44. a5 h5 45. Nd7+ Ke7
46. a6 Rb5 47. b4 1-0

[Event "London Classic Open 2016"]
[Site "London ENG"]
[Date "2016.12.11"]
[Round "4.54"]
[White "Johansson, Toni"]
[Black "Merriman, John"]
[Result "1-0"]
[WhiteElo "2071"]
[BlackElo "2243"]
[WhiteFideId "1703269"]
[BlackFideId "402362"]
[EventDate "2016.12.09"]

1. d4 Nf6 2. Nf3 e6 3. e3 b6 4. Nbd2 c5 5. b3 Bb7 6. Bd3 Nc6 7. Bb2 Be7 8. O-O
O-O 9. a3 Rc8 10. Ne5 Qc7 11. f4 d6 12. Nxc6 Bxc6 13. Qe2 Qb8 14. c4 a6 15. d5
exd5 16. cxd5 Nxd5 17. e4 Bf6 18. e5 dxe5 19. fxe5 Bg5 20. Ne4 Bh6 21. Nf6+ Nxf6
22. Rxf6 g6 23. e6 Rce8 24. Bc4 Re7 25. exf7+ Rexf7 26. Rxf7 Rxf7 27. Rf1 1-0

[Event "London Classic Open 2016"]
[Site "London ENG"]
[Date "2016.12.11"]
[Round "4.55"]
[White "Czopor, Maciej"]
[Black "Player, Edmund C"]
[Result "0-1"]
[WhiteElo "2035"]
[BlackElo "2239"]
[WhiteFideId "21805431"]
[BlackFideId "406520"]
[EventDate "2016.12.09"]

1. e4 e6 2. d4 d5 3. Nc3 Bb4 4. e5 Ne7 5. a3 Bxc3+ 6. bxc3 b6 7. Qg4 Ng6 8. h4
h5 9. Qg3 Ba6 10. Bd3 Bxd3 11. cxd3 Nc6 12. Bg5 Qd7 13. Nh3 Nce7 14. Nf4 Nf5 15.
Qf3 Nxf4 16. Qxf4 Qb5 17. Qd2 c5 18. dxc5 Qxc5 19. O-O d4 20. cxd4 Qxd4 21. Rac1
O-O 22. Rfe1 Rac8 23. Rxc8 Rxc8 24. Re4 Qa1+ 25. Kh2 Qxa3 26. Qe2 Qb3 27. Qxh5
Qxd3 28. Qg4 b5 29. h5 Rc4 30. Rxc4 Qxc4 31. f4 Kh7 32. Qf3 Qd5 33. Qa3 Qd1 34.
Qxa7 Qxh5+ 35. Kg1 Qd1+ 36. Kh2 Qh5+ 37. Kg1 Ng3 38. Qb7 Qd1+ 39. Kf2 Nh1+ 40.
Ke3 Qc1+ 41. Kd3 Nf2+ 42. Ke2 Qc2+ 43. Kf3 Nd1 44. Kg3 Ne3 45. Be7 Qe2 46. Bc5
Nf1+ 47. Kh4 Kh6 48. Qf3 Qxf3 49. gxf3 Kg6 50. Kg4 Nd2 51. f5+ exf5+ 52. Kf4 Nb3
53. Bb4 Nd4 54. Ba3 Nb3 55. Bb4 Nd4 56. Ba3 Nc6 57. Bb2 Nd8 58. Ba3 Ne6+ 59. Ke3
Kh5 60. Bb4 Kh4 61. Be1+ Kh3 62. Bd2 g5 63. Kf2 g4 64. fxg4 fxg4 65. Ke3 g3 66.
Ke4 g2 67. Be3 Kh2 68. Kf5 g1=Q 69. Bxg1+ Kxg1 70. Kf6 b4 71. Kxf7 Nd4 0-1

[Event "London Classic Open 2016"]
[Site "London ENG"]
[Date "2016.12.11"]
[Round "4.56"]
[White "Brozel, Sacha"]
[Black "Hill, Alistair"]
[Result "0-1"]
[WhiteElo "2035"]
[BlackElo "2237"]
[WhiteFideId "429317"]
[BlackFideId "432407"]
[EventDate "2016.12.09"]

1. Nf3 Nf6 2. g3 g6 3. Bg2 Bg7 4. O-O O-O 5. d4 d5 6. b3 c5 7. e3 cxd4 8. exd4
Nc6 9. Bb2 Bg4 10. h3 Bf5 11. Nbd2 Rc8 12. c4 Qa5 13. Ne5 Rfd8 14. Qe2 Nxe5 15.
dxe5 Ne4 16. Rfd1 Nxd2 17. Qxd2 Qxd2 18. Rxd2 dxc4 19. Rxd8+ Rxd8 20. bxc4 Rd2
21. Bc3 Rc2 22. Bd4 b6 23. Bf1 Be6 24. a4 Bxc4 25. a5 bxa5 26. Bxc4 Rxc4 27.
Bxa7 a4 28. Bb8 Rb4 29. Bc7 Rb7 30. Bd8 Ra7 31. Bb6 Ra6 32. Bd4 f6 33. exf6 Bxf6
34. Bxf6 exf6 35. Ra3 Kf7 36. Kf1 Ke6 37. Ke2 Kd5 38. Kd3 Kc5 39. Kc3 h5 40. h4
f5 41. Ra2 a3 42. Kb3 Kd4 43. Rd2+ Ke4 44. Ka2 Kf3 45. Rc2 f4 46. gxf4 Kxf4 47.
Rc3 Kg4 48. Rc4+ Kf3 49. Rc2 Ra4 50. Rc6 Rxh4 51. Rxg6 Kxf2 52. Kxa3 Rg4 53. Rh6
h4 54. Kb3 Kg2 55. Rc6 h3 56. Rc2+ Kg3 57. Rc3+ Kh4 58. Rc2 Rg3+ 59. Kb4 Rf3 60.
Rc7 h2 61. Rg7 Rh3 0-1

[Event "London Classic Open 2016"]
[Site "London ENG"]
[Date "2016.12.11"]
[Round "4.57"]
[White "Kett, Tim"]
[Black "Villiers, Thomas"]
[Result "1/2-1/2"]
[WhiteElo "2228"]
[BlackElo "2073"]
[WhiteFideId "1801210"]
[BlackFideId "427209"]
[EventDate "2016.12.09"]

1. e4 e6 2. d4 d5 3. Nc3 dxe4 4. Nxe4 Nd7 5. Nf3 Ngf6 6. Nxf6+ Nxf6 7. Bd3 c5 8.
dxc5 Bxc5 9. O-O O-O 10. Bg5 h6 11. Bh4 b6 12. Qe2 Bb7 13. Rad1 Qc7 14. Bxf6
gxf6 15. Be4 Rfd8 16. Bxb7 Qxb7 17. Qc4 Bf8 18. c3 Rd7 19. Rd4 f5 20. Rfd1 Rad8
21. h3 Bg7 22. Rxd7 Rxd7 23. Rxd7 Qxd7 24. g4 fxg4 25. hxg4 Qd1+ 26. Kg2 Qc2 27.
Qf4 Qxb2 28. Qb8+ Bf8 29. Qxa7 Bc5 30. Qb8+ Kh7 31. Qg3 Qxa2 32. g5 Qd5 33. Qh4
Bf8 34. gxh6 Bxh6 35. Qf6 Qh5 36. Kg3 Qg6+ 37. Qxg6+ Kxg6 38. Ne5+ Kf5 39. Nxf7
Bf4+ 40. Kf3 b5 41. Nd8 Be5 42. Nf7 Bc7 43. Nh6+ Kg5 44. Ng4 Ba5 45. c4 bxc4 46.
Ne3 c3 47. Ke4 Bb6 48. f4+ Kf6 49. Nc2 Bc7 50. Kd3 Bxf4 51. Kxc3 e5 52. Kd3 Kf5
53. Nd4+ exd4 54. Kxd4 1/2-1/2

[Event "London Classic Open 2016"]
[Site "London ENG"]
[Date "2016.12.11"]
[Round "4.58"]
[White "Bukojemski, Adam"]
[Black "Prior, Stephen C V"]
[Result "1-0"]
[WhiteElo "2214"]
[BlackElo "2043"]
[WhiteFideId "1114620"]
[BlackFideId "423378"]
[EventDate "2016.12.09"]

1. e4 c6 2. d4 d5 3. Nd2 dxe4 4. Nxe4 Bf5 5. Nc5 e5 6. Nxb7 Qb6 7. Nc5 exd4 8.
Nb3 c5 9. Bd3 Bxd3 10. cxd3 Nf6 11. Nf3 Nc6 12. O-O Be7 13. Nh4 O-O 14. Nf5 Rfe8
15. Nxe7+ Nxe7 16. Bg5 Ned5 17. Rc1 Nd7 18. Qg4 Ne5 19. Qf5 g6 20. Qh3 Nb4 21.
Nxc5 Nxa2 22. Ne4 Re6 23. Rc5 Nxd3 24. Qxd3 Nb4 25. Qxd4 Nc6 26. Nf6+ Rxf6 27.
Qxf6 Qxc5 28. Bh6 Qe5 29. Qxc6 Re8 30. Qc3 g5 31. f4 Qxc3 32. bxc3 Rc8 33. Rb1
f6 34. fxg5 fxg5 35. Rb3 Rc5 36. Kf2 Kf7 37. Ke3 Kg6 38. Bf8 Re5+ 39. Kd3 Rd5+
40. Ke4 Rd2 41. Rb7 a5 42. Rg7+ Kf6 43. Rxh7 Rxg2 44. Rh6+ Kf7 45. Bc5 g4 46.
Kf5 g3 47. hxg3 Rxg3 48. Bd4 Rf3+ 49. Ke5 Rf1 50. Rh7+ Kg6 51. Ra7 Ra1 52. Kd5
Kf5 53. Kc4 Ke6 54. Kb5 Kd5 55. Rxa5 Rb1+ 56. Ka6+ Kc6 57. Rc5+ Kd6 58. Rb5 Ra1+
59. Kb6 Rc1 60. Rb2 Kd5 61. Kb5 Ra1 62. Bf2 Kd6 63. Rd2+ Kc7 64. Bb6+ 1-0